|
|
|
|
| LEADER |
01639nam a22003737a 4500 |
| 001 |
30096 |
| 003 |
BD-DhAAL |
| 005 |
20151031105819.0 |
| 008 |
151031s2009 njuab d 001 0 eng d |
| 020 |
|
|
|a 9780133679571
|
| 020 |
|
|
|a 0133679578
|
| 040 |
|
|
|a BD-DhAAL
|c BD-DhAAL
|
| 041 |
|
|
|a eng
|
| 082 |
0 |
0 |
|a 909
|
| 100 |
1 |
|
|a Ellis, Elisabeth Gaynor.
|9 15832
|
| 245 |
1 |
0 |
|a Prentice Hall world history. Tennessee /
|c Elisabeth Gaynor Ellis, Anthony Esler ; with senior consultant Burton F. Beers.
|
| 246 |
3 |
0 |
|a World history
|
| 250 |
|
|
|a Tennessee ed.
|
| 260 |
|
|
|a Upper Saddle River, N.J. :
|b Pearson Prentice Hall,
|c c2009.
|
| 300 |
|
|
|a 1254 p. :
|b ill. (chiefly col.), col. maps ;
|c 29 cm.
|
| 500 |
|
|
|a Includes index.
|
| 500 |
|
|
|a Accompanied by teaching resource materials.
|
| 541 |
|
|
|e 30096
|
| 650 |
|
0 |
|a World history
|x Study and teaching (Secondary)
|9 15833
|
| 650 |
|
0 |
|a Civilization
|x History
|x Study and teaching (Secondary)
|9 15834
|
| 650 |
|
0 |
|2 World history
|x Textbooks.
|9 15835
|
| 650 |
|
0 |
|a Civilization
|x Textbooks.
|9 15836
|
| 700 |
1 |
|
|a Esler, Anthony.
|9 15837
|
| 700 |
1 |
|
|a Beers, Burton F.
|9 15838
|
| 710 |
2 |
|
|a Prentice Hall
|9 15827
|
| 942 |
|
|
|2 ddc
|c BK
|
| 999 |
|
|
|c 35965
|d 35965
|
| 952 |
|
|
|0 0
|1 0
|2 ddc
|4 0
|6 909_000000000000000_ELL
|7 0
|9 56517
|a BRACUL
|b BRACUL
|c GEN
|d 2015-10-31
|e BRAC Institute of Language (BIL)
|l 2
|m 6
|o 909 ELL
|p 3010030096
|q 2026-06-02
|r 2026-04-26
|s 2026-04-26
|t 1
|w 2015-10-31
|y BK
|x Transferred from BIL to BRACUL on 06/06/22
|
| 952 |
|
|
|0 0
|1 0
|2 ddc
|4 0
|6 909_000000000000000_ELL
|7 0
|9 58938
|a SCL
|b SCL
|c GEN
|d 2016-05-08
|e Gift: The Asia Foundation
|l 6
|m 20
|o 909 ELL
|p 3020007595
|r 2024-06-10
|s 2024-05-28
|t 2
|w 2016-05-08
|y BK
|